000 00608nam a2200169 4500
999 _c4320
_d4320
008 160903b xxu||||| |||| 00| 0 eng d
022 _a2094-8042
082 _aDPer 370.105 M72 Jan-Dec 2012 v. 60-61
100 _914078
_aMarcelino,Elisa S.
243 _aThe modern teacher
245 _aBanghay aralin sa Filpino IV na sinasaniban ng disaster risk reduction/
_cElisa S. Marcelino.
260 _aPhilippines:
_bIn the Grade School, Inc.,
_c©2012.
300 _av61 n2, pages 75-76:
_c28 cm.
500 _aThe Modern Teacher
650 0 _914079
_aProgrammed instruction
_xFilipino
942 _2ddc
_cPER